Normal view
MARC view
Entry Topical Term
001 - CONTROL NUMBER
- control field: 1234795
003 - CONTROL NUMBER IDENTIFIER
- control field: OSt
005 - DATE AND TIME OF LATEST TRANSACTION
- control field: 20260415113859.0
008 - FIXED-LENGTH DATA ELEMENTS
- fixed length control field: 260415|| aca||aabn | a|a d
040 ## - CATALOGING SOURCE
- Original cataloging agency: OSt
- Transcribing agency: OSt
150 ## - HEADING--TOPICAL TERM
- Topical term or geographic name entry element: Sociology--History--Congresses
670 ## - SOURCE DATA FOUND
- Source citation: Work cat.: (OSt)1848265: National traditions in Sociology, 1989
